Loading...
| Current Events | 4 | 17.50 | 75% | 100% | 0% |
| Fine Arts - Auditory | 6 | 25.00 | 100% | 83% | 67% |
| Fine Arts - Other | 7 | 18.57 | 100% | 71% | 14% |
| Fine Arts - Visual | 8 | 16.25 | 88% | 50% | 25% |
| Geography | 9 | 16.67 | 100% | 44% | 22% |
| History - American | 6 | 16.67 | 83% | 67% | 17% |
| History - Ancient | 1 | 20.00 | 100% | 100% | 0% |
| History - Ancient/Other | 7 | 20.00 | 100% | 71% | 29% |
| History - European | 8 | 17.50 | 100% | 75% | 0% |
| History - World | 7 | 17.14 | 100% | 71% | 0% |
| Literature - American | 4 | 20.00 | 100% | 75% | 25% |
| Literature - British | 7 | 22.86 | 100% | 71% | 57% |
| Literature - European | 6 | 18.33 | 100% | 67% | 17% |
| Literature - World | 8 | 35.00 | 175% | 150% | 25% |
| Mythology | 3 | 20.00 | 100% | 100% | 0% |
| Other Academic | 3 | 16.67 | 100% | 67% | 0% |
| Philosophy | 6 | 23.33 | 100% | 83% | 50% |
| Religion | 8 | 18.75 | 100% | 63% | 25% |
| Science - Biology | 8 | 11.25 | 88% | 25% | 0% |
| Science - Chemistry | 5 | 16.00 | 100% | 60% | 0% |
| Science - Other | 9 | 16.67 | 100% | 67% | 0% |
| Science - Physics | 4 | 15.00 | 100% | 50% | 0% |
| Social Science | 10 | 19.00 | 100% | 80% | 10% |